Lauren Bacall Movies Quiz Stats

 Plays Quiz Updated Aug 18, 2014

     
Support Sporcle.
Go Orange.
Score 0/46 Timer 10:00
0 Plays Today
Year Movie % Correct
1944To Have and Have Not
72.6%
1946The Big Sleep
68.9%
1948Key Largo
66%
1953How To Marry A Millionaire
48.9%
1996The Mirror Has Two Faces
37.9%
1974Murder on the Orient Express
37.7%
1947Dark Passage
33.4%
1990Misery
26.9%
1957Designing Woman
25.4%
1976The Shootist
24.2%
2003Dogville
23.1%
1956Written on the Wind
20.8%
1981The Fan
19.2%
2004Birth
17.5%
1964Sex and the Single Girl
17.3%
1966Harper
17%
1950Young Man With A Horn
16.9%
2004Howl's Moving Castle
16.4%
1945Confidential Agent
15.1%
1955Blood Alley
14.6%
1955The Cobweb
14.2%
2005Manderlay
13.6%
2012Ernest & Celestine
12.5%
Year Movie % Correct
2007The Walker
12.1%
1980Health
12%
1994Prêt-à-Porter
11.9%
1950Bright Leaf
11.7%
1999Diamonds
11.5%
1988Appointment With Death
11.4%
1954Woman's World
11.2%
1991All I Want for Christmas
11.1%
1988Mr. North
10.9%
1996My Fellow Americans
10.7%
1959North West Frontier
10.6%
1958The Gift of Love
10.2%
2012The Forger
10%
2008Eve
9.9%
1964Shock Treatment
9.8%
1993The Portrait
8.5%
1997Le Jour et la Nuit
7.7%
1989The Tree of Hands
7.5%
1999Presence of Mind
7.2%
1999The Venice Project
7.2%
2003The Limit
7%
2006These Foolish Things
6.9%
1993A Foreign Field
5.8%

From the Vault

Board Game by Necklace

by KStericker

Gaming 4m
It might be hard to play your games if you keep stealing their pieces to make jewelry.
Remove Ads.
Support Sporcle.
Get the best of Sporcle when you Go Orange. This ad-free experience offers more features, more stats, and more fun while also helping to support Sporcle. Thank you for becoming a member.

Show Comments

Extras

Top Quizzes Today


Score Distribution

Your Account Isn't Verified!

In order to create a playlist on Sporcle, you need to verify the email address you used during registration. Go to your Sporcle Settings to finish the process.

Report this User

Report this user for behavior that violates our Community Guidelines.

Details: